[Event "TCh-ISL 2012-13"]
[Site "Reykjavik ISL"]
[Date "2013.03.01"]
[Round "5.1"]
[White "Kryvoruchko,Y"]
[Black "Areshchenko,A"]
[Result "1/2-1/2"]
[WhiteElo "2666"]
[BlackElo "2720"]

1.e4 c5 2.Nf3 d6 3.Bb5+ Bd7 4.Bxd7+ Qxd7 5.O-O Nf6 6.e5 dxe5 7.Nxe5 Qd6 8.Re1 Nc6
9.Nxc6 Qxc6 10.Na3 e6 11.Nc4 Be7 12.Ne5 Qc7 13.b3 O-O 14.Bb2 Rad8 15.d3 Nd5
16.c4 Nf4 17.Qf3 Ng6 18.g3 Nxe5 19.Bxe5 Qd7 20.Rad1 f6 21.Bc3 e5  1/2-1/2

[Event "TCh-SVK Extraliga 2012-13"]
[Site "Slovakia SVK"]
[Date "2013.03.01"]
[Round "9.1"]
[White "Jurcik,Mari"]
[Black "Antoniewski,R"]
[Result "1/2-1/2"]
[WhiteElo "2496"]
[BlackElo "2552"]

1.e4 c5 2.Nf3 d6 3.Bb5+ Nd7 4.d4 cxd4 5.Qxd4 a6 6.Bxd7+ Bxd7 7.O-O Rc8 8.Nc3 e5
9.Qd3 h6 10.Nd2 Nf6 11.Nc4  1/2-1/2

[Event "29th ChessOrg Open"]
[Site "Bad Woerishofen GER"]
[Date "2013.03.03"]
[Round "3.71"]
[White "Beulertz,S"]
[Black "Riegler,Dieter"]
[Result "1-0"]
[WhiteElo "1971"]
[BlackElo "2142"]

1.e4 c5 2.Nf3 d6 3.Bb5+ Nc6 4.c3 e5 5.d4 cxd4 6.cxd4 Bd7 7.O-O Nge7 8.Nc3 a6
9.Bc4 Qa5 10.dxe5 Nxe5 11.Nxe5 Qxe5 12.Qb3 Qh5 13.Qxb7 Bc6 14.Qb3 g5 15.Nd5 Bxd5
16.Bxd5  1-0

[Event "TCh-SVK Extraliga 2012-13"]
[Site "Slovakia SVK"]
[Date "2013.03.03"]
[Round "11.2"]
[White "Jurcik,Mari"]
[Black "Motuz,K"]
[Result "1-0"]
[WhiteElo "2496"]
[BlackElo "2397"]

1.e4 c5 2.Nf3 d6 3.Bb5+ Nd7 4.d4 cxd4 5.Qxd4 a6 6.Bxd7+ Bxd7 7.O-O e5 8.Qd3 h6
9.c4 Nf6 10.Nc3 Rc8 11.b3 b5 12.cxb5 Qa5 13.Bd2 Bxb5 14.Nxb5 Qxb5 15.Qe3 Be7
16.Nh4 g6 17.Nf3 Ng4 18.Qe1 Qd3 19.Rd1 Nf6 20.Bxh6 Qb5 21.Bg7 Kd7 22.Bxh8 Rxh8
23.a4 Qxb3 24.Nxe5+ Ke6 25.Nc6 Bf8 26.Nd4+  1-0

[Event "FSFM March 2013"]
[Site "Budapest HUN"]
[Date "2013.03.04"]
[Round "2.3"]
[White "Mayer,I"]
[Black "Krstulovic,Alex"]
[Result "0-1"]
[WhiteElo "2027"]
[BlackElo "1893"]

1.e4 c5 2.Nf3 d6 3.Bb5+ Bd7 4.a4 Nc6 5.O-O a6 6.Bc4 Nf6 7.Re1 e6 8.Nc3 Be7
9.d4 cxd4 10.Nxd4 Qc7 11.Bf1 O-O 12.Nb3 Rac8 13.f4 Rfd8 14.Be3 Qb8 15.Bb6 Re8
16.g4 Bd8 17.Bf2 e5 18.f5 h6 19.h4 Nh7 20.Nd5 Ne7 21.Nxe7+ Bxe7 22.Na5 b5
23.axb5 axb5 24.c4 bxc4 25.Nxc4 Bb5 26.b3 Bxc4 27.Bxc4 Rc7 28.Qd5 Bf8 29.Qd2 Rd8
30.g5 hxg5 31.hxg5 d5 32.Bxd5 Bb4 33.Qe3 Bxe1 34.Bxe1 Nf8 35.Bg3 Re7 36.Ra6 Qc8
37.f6 Rc7  0-1

[Event "FSGM March 2013"]
[Site "Budapest HUN"]
[Date "2013.03.05"]
[Round "3.3"]
[White "Hujbert,F"]
[Black "Manca,F"]
[Result "1-0"]
[WhiteElo "2429"]
[BlackElo "2411"]

1.e4 c5 2.Nf3 d6 3.Bb5+ Bd7 4.Bxd7+ Qxd7 5.O-O Nc6 6.c3 Nf6 7.d4 cxd4 8.cxd4 d5
9.e5 Ne4 10.Nbd2 e6 11.Re1 Nxd2 12.Bxd2 Be7 13.Rc1 O-O 14.Rc3 Rac8 15.a3 Nb8
16.Rd3 Qc6 17.Bc3 Nd7 18.h4 Nb6 19.Ng5 Qa4 20.Qh5 h6 21.Ree3 Qc2 22.Rg3 Na4
23.Nh3 Kh8 24.Bd2 Nxb2 25.Rxg7 Qd1+ 26.Qxd1 Nxd1 27.Bxh6 Nc3 28.Nf4 Ne4 29.f3 Rc1+
30.Kh2 Nf2 31.Ng6+ fxg6 32.Rxe7 Rfc8 33.Bxc1 Nxd3 34.Bg5 Rc6 35.g4 Ne1 36.Bf6+ Kg8
37.Rg7+ Kf8 38.Rxg6 Nxf3+ 39.Kg3 Nxd4 40.Kf4 Rc3 41.Rh6 Rc4 42.Rh8+ Kf7 43.h5 Nc2+
44.Kf3 Ne1+ 45.Kg3 Rc3+ 46.Kf2 Nd3+ 47.Kf1 Rc4 48.g5 Rf4+ 49.Kg2 Nxe5 50.Rh7+ Kf8
51.Bxe5 Rg4+ 52.Kf3 Rxg5 53.Bf4 Rf5 54.Kg4 d4 55.Rxb7 Rd5 56.h6 Kg8 57.Bg5 Rf5
58.h7+ Kh8 59.Kh5  1-0

[Event "FIDE Women's World Teams"]
[Site "Astana KAZ"]
[Date "2013.03.07"]
[Round "5.3"]
[White "Cemhan,K"]
[Black "L'Ami,Alina"]
[Result "0-1"]
[WhiteElo "2025"]
[BlackElo "2353"]

1.e4 c5 2.Nf3 d6 3.Bb5+ Bd7 4.Bxd7+ Qxd7 5.c4 Nf6 6.Nc3 g6 7.d4 cxd4 8.Nxd4 Bg7
9.O-O O-O 10.f3 Nc6 11.Nde2 a6 12.a4 e6 13.Bg5 Qc7 14.Kh1 Qa5 15.Qd2 Qb4
16.Rac1 Ne5 17.Nd5 Qxd2 18.Nxf6+ Bxf6 19.Bxd2 Nd3 20.Rc2 Nxb2 21.Rb1 Nxa4
22.Rxb7 Rfc8 23.Nf4 Rab8 24.Rxb8 Rxb8 25.g3 Rb2 26.Rxb2 Nxb2 27.Bb4 Nxc4
28.Nd3 a5 29.Be1 Bd4 30.f4 a4 31.Nb4 Bc5 32.Na2 d5 33.exd5 exd5 34.Kg2 d4
35.Kf3 d3 36.Bc3 f5 37.Nb4 Bxb4 38.Bxb4 a3 39.Bxa3 Nxa3 40.Ke3 Kf7 41.Kxd3 Ke6
42.h3 Kd5 43.g4 Nc4  0-1

[Event "TCh-CAT Div Hon 2013"]
[Site "Catalonia ESP"]
[Date "2013.03.09"]
[Round "8.10"]
[White "Aalbersberg Kroon,P"]
[Black "Rafiee,M"]
[Result "0-1"]
[WhiteElo "1880"]
[BlackElo "2148"]

1.e4 c5 2.Nf3 d6 3.Bb5+ Bd7 4.Bxd7+ Qxd7 5.c4 e5 6.d3 g6 7.Nc3 Bg7 8.Be3 Nc6
9.O-O Nge7 10.Rc1 O-O 11.Qd2 f5 12.Bh6 fxe4 13.dxe4 Rxf3 14.Bxg7 Kxg7 15.gxf3 Nd4
16.Qe3 Qh3  0-1

[Event "TCh-FIN SM 2012-13"]
[Site "Helsinki FIN"]
[Date "2013.03.09"]
[Round "13.6"]
[White "Hokkanen,P"]
[Black "Kononen,K"]
[Result "1/2-1/2"]
[WhiteElo "2305"]
[BlackElo "2236"]

1.e4 c5 2.Nf3 d6 3.Bb5+ Bd7 4.Bxd7+ Qxd7 5.O-O Nf6 6.Re1 Nc6 7.c3 e6 8.d4 cxd4
9.cxd4 d5 10.e5 Ne4 11.Nbd2 Nxd2 12.Bxd2 Be7 13.Qe2 O-O 14.Qd3 h6 15.h3 Rfc8
16.a3 b5 17.Rec1 Qb7 18.Rc2 a5 19.Rac1 b4 20.a4 Na7 21.b3 Rxc2 22.Rxc2 Rc8
23.Ne1 Rxc2 24.Nxc2 Nc6 25.g3 Qb6 26.Kg2 Nb8 27.f4 Qa6 28.Qf3 Nc6 29.Kf2 f5
30.Qe2 Qxe2+ 31.Kxe2 Kf7 32.Kf3 g5 33.g4 Kg6 34.gxf5+ Kxf5  1/2-1/2

[Event "11th Meurthe Festival"]
[Site "Nancy FRA"]
[Date "2013.03.09"]
[Round "6.1"]
[White "Vachier Lagrave,M"]
[Black "Istratescu,A"]
[Result "1/2-1/2"]
[WhiteElo "2722"]
[BlackElo "2651"]

1.e4 c5 2.Nf3 d6 3.Bb5+ Bd7 4.Bxd7+ Qxd7 5.c4 Nf6 6.Nc3 Nc6 7.O-O g6 8.d4 cxd4
9.Nxd4 Bg7 10.Nde2 O-O 11.f3 Rac8 12.b3 e6 13.Bg5 h6 14.Bh4 Rfd8 15.Rc1 g5
16.Bf2 d5 17.cxd5 exd5 18.Nxd5 Nxd5 19.Qxd5 Qxd5 20.exd5 Rxd5 21.Ng3 Rcd8
22.Ne4 Nb4 23.Bxa7 Nxa2 24.Rc7 Rb5 25.Bf2 Rxb3 26.h4 Nc3 27.Nxc3 Rxc3 28.Rxb7 Rcd3
29.hxg5 hxg5 30.Rb5 R3d5 31.Rxd5 Rxd5 32.g4  1/2-1/2

[Event "11th Meurthe Festival"]
[Site "Nancy FRA"]
[Date "2013.03.09"]
[Round "7.3"]
[White "Svetushkin,D"]
[Black "Vachier Lagrave,M"]
[Result "1/2-1/2"]
[WhiteElo "2602"]
[BlackElo "2722"]

1.e4 c5 2.Nf3 d6 3.Bb5+ Nc6 4.O-O Bd7 5.Re1 Nf6 6.c3 a6 7.Bf1 Bg4 8.h3 Bxf3
9.Qxf3 g6 10.d3 Bg7 11.Be3 O-O 12.Qd1 b5 13.a3 Qd7 14.Nd2 Qb7 15.Rc1 Rac8
16.d4 cxd4 17.cxd4 e6 18.Bd3 Nd7 19.Nf3 Nb6 20.Qe2 Na5 21.h4 Nbc4 22.h5 Nxe3
23.Qxe3 Nc4 24.Qe2 Nb6 25.Qe3 Rxc1 26.Rxc1 Rc8 27.hxg6 hxg6 28.g3 Nd7 29.Kg2 Rxc1
30.Qxc1 Nf6 31.Qc2 Bf8 32.e5 dxe5 33.dxe5 Nd7 34.Bxg6 fxg6 35.Qxg6+ Bg7 36.Qxe6+ Kf8
37.Qd6+ Kg8 38.Qe6+ Kf8 39.Qd6+ Kg8 40.Qe6+  1/2-1/2

[Event "Karpos Open 2013"]
[Site "Skopje MKD"]
[Date "2013.03.09"]
[Round "1.51"]
[White "Kadric,D"]
[Black "Lazov,Toni"]
[Result "1-0"]
[WhiteElo "2473"]
[BlackElo "1927"]

1.e4 c5 2.Nf3 d6 3.Bb5+ Nc6 4.d4 cxd4 5.Qxd4 Bd7 6.Bxc6 Bxc6 7.c4 Nf6 8.Nc3 g6
9.O-O Bg7 10.Qd3 O-O 11.Nd4 Nd7 12.Be3 Rc8 13.f3 Qa5 14.Qd2 Kh8 15.Rab1 Ne5
16.b3 a6 17.Rfc1 Bd7 18.a4 f5 19.exf5 gxf5 20.Qd1 Qd8 21.Nd5 e6 22.Nf4 Rf6
23.Nde2 Bc6 24.Ng3 Bh6 25.Rb2 Nf7 26.Ngh5 Bxf4 27.Nxf4 Qg8 28.b4 Ng5 29.Kf1 e5
30.Nd5 Bxd5 31.Qxd5 f4 32.Qxg8+ Kxg8 33.Bg1 Ne6 34.Rd2 Nf8 35.c5 dxc5 36.Rxc5 Rxc5
37.Bxc5 Kf7 38.Rd8 Ne6 39.Rd7+ Kg6 40.Rxb7 Nd8 41.Rd7 Nc6 42.Ke2 h6 43.b5 axb5
44.axb5 Na5 45.Kd3 Nb3 46.Kc4  1-0

[Event "Jersey Masters 2013"]
[Site "St Clement Bay JCI"]
[Date "2013.03.09"]
[Round "6"]
[White "Trent,L"]
[Black "Rausis,I"]
[Result "1/2-1/2"]
[WhiteElo "2427"]
[BlackElo "2518"]

1.e4 c5 2.Nf3 d6 3.Bb5+ Nd7 4.O-O a6 5.Bd3 Ngf6 6.Re1 g6 7.c3 Bg7 8.Bc2 c4
9.b3 b5 10.bxc4 bxc4 11.Na3 Qc7 12.Qe2 Nb6 13.e5 dxe5 14.Qxe5 Qxe5 15.Nxe5 Be6
16.Rb1 Nfd5 17.Naxc4 Nxc4 18.Ba4+ Kf8 19.Nxc4 Bf6 20.Ne5 Rd8 21.c4 Nf4 22.d3 g5
23.Bc2 Bf5 24.g3 Ne6 25.Bb2 Kg7 26.Nc6 Rd7 27.Bxf6+ exf6 28.Re3 Rc8 29.Na5  1/2-1/2

[Event "Jersey Masters 2013"]
[Site "St Clement Bay JCI"]
[Date "2013.03.09"]
[Round "7"]
[White "Trent,L"]
[Black "Clark,IC"]
[Result "1-0"]
[WhiteElo "2427"]
[BlackElo "2046"]

1.e4 c5 2.Nf3 d6 3.Bb5+ Bd7 4.Bxd7+ Qxd7 5.O-O Nc6 6.c3 g6 7.d4 cxd4 8.cxd4 Bg7
9.Nc3 e6 10.Re1 Rd8 11.d5 Ne5 12.Nxe5 dxe5 13.Bg5 Bf6 14.Be3 Ne7 15.Qf3 Bg7
16.dxe6 Qxe6 17.Bc5 b6 18.Bxe7 Qxe7 19.Nd5 Qd6 20.Rac1 O-O 21.Rc6 Qd7 22.Rec1 f5
23.Qb3 Kh8 24.Rc7 Qe6 25.Re7 Rc8 26.Rf1 Qd6 27.Qa4 fxe4 28.Rd7 Qe6 29.Ne3 a5
30.Rb7 Rf7 31.Rxf7 Qxf7 32.b3 Rd8 33.Qxe4 Rd2 34.Nc4 Rxa2 35.Nxe5 Qe8 36.Nxg6+ Qxg6
37.Qa8+ Bf8 38.Qxf8+ Qg8 39.Qf6+ Qg7 40.Qd8+ Qg8 41.Qf6+ Qg7 42.Qxb6  1-0

[Event "FIDE Women's World Teams"]
[Site "Astana KAZ"]
[Date "2013.03.10"]
[Round "7.3"]
[White "Sop,S"]
[Black "Gomes,Mary"]
[Result "0-1"]
[WhiteElo "2028"]
[BlackElo "2387"]

1.e4 c5 2.Nf3 d6 3.Bb5+ Nd7 4.d4 cxd4 5.Qxd4 a6 6.Bxd7+ Bxd7 7.c4 e5 8.Qd3 h6
9.O-O Nf6 10.Nc3 Be7 11.a4 b6 12.Be3 O-O 13.Rfd1 Bg4 14.Bd2 Qc8 15.b3 Nd7
16.h3 Nc5 17.Nd5 Bd8 18.Qe3 Bxf3 19.Qxf3 f5 20.exf5 Rxf5 21.Qg4 Nxb3 22.Bxh6 Rf7
23.Qxc8 Rxc8 24.Rab1 Nc5 25.Be3 Nxa4 26.Bxb6 Nxb6 27.Nxb6 Rc6 28.c5 Bc7 29.cxd6 Bxd6
30.Nd5 Bc5 31.Rf1 Bd4 32.Rb8+ Kh7 33.Ne3 Rc3 34.Ng4 Rc2 35.Ra8 Ra2 36.Re8 a5
37.Kh2 a4 38.Nxe5 Rfxf2 39.Rxf2 Rxf2 40.Ng4 Rf7 41.Rd8 Bb6 42.Rd3 Ra7 43.Ra3 Bc5
44.Ra2 a3 45.h4 Rb7 46.Ra1 Rb2 47.Ne3 a2 48.Nd1 Rc2 49.Nc3 Bd6+ 50.Kg1 Rxc3
51.Rxa2 Bg3 52.Kf1 Re3 53.Ra1 Bxh4 54.g4 Re4 55.Kg2 Rxg4+ 56.Kh3 Rb4 57.Ra5 Bf6
58.Rc5 g5 59.Rc6 Kg6 60.Rc5 Re4 61.Rc1 Kf5 62.Rc5+ Be5 63.Rc8 g4+ 64.Kg2 Re2+
65.Kh1 Kf4 66.Rf8+ Kg3 67.Rf2  0-1

[Event "FSGM March 2013"]
[Site "Budapest HUN"]
[Date "2013.03.10"]
[Round "8.2"]
[White "Kalegin,E"]
[Black "Vishnu,P"]
[Result "1/2-1/2"]
[WhiteElo "2462"]
[BlackElo "2483"]

1.e4 c5 2.Nf3 d6 3.Bb5+ Nd7 4.c3 Nf6 5.Qe2 a6 6.Ba4 b5 7.Bc2 e5 8.O-O Be7
9.d4 O-O 10.Rd1 Qc7 11.dxe5 Nxe5 12.Nxe5 dxe5 13.Nd2 Rd8 14.a4 Rb8 15.axb5 axb5
16.c4 bxc4 17.Nxc4 Bg4 18.Rxd8+ Bxd8 19.f3 Be6 20.Be3 Nd7 21.Bd3 Be7 22.Rd1  1/2-1/2

[Event "Frau Bundesliga Div1 2012-13"]
[Site "Germany GER"]
[Date "2013.03.10"]
[Round "11.2"]
[White "Kulovana,E"]
[Black "Daulyte,D"]
[Result "1/2-1/2"]
[WhiteElo "2251"]
[BlackElo "2212"]

1.e4 c5 2.Nf3 d6 3.Bb5+ Nc6 4.O-O Bg4 5.c3 Qb6 6.Na3 a6 7.Be2 Nf6 8.d3 e6
9.Nc4 Qc7 10.Ne3 Bh5 11.Ne1 Bxe2 12.Qxe2 Be7 13.f4 O-O-O 14.N1c2 d5 15.e5 Nd7
16.Bd2 g5 17.d4 gxf4 18.Rxf4 f6 19.exf6 Nxf6 20.Raf1 Ne4 21.Rf7 Rdg8 22.Be1 Nd8
23.R7f4 Bg5 24.R4f3 c4 25.Bg3 Nxg3 26.Rxg3 Bf4 27.Rh3 Rg6 28.g3 Bd6 29.Ng2 Nf7
30.Rh4 Ng5 31.Kh1 Ne4 32.Rxe4 dxe4 33.Qxe4 Rhg8 34.Nce3 Kb8 35.d5 exd5 36.Qxd5 Qc5
37.Qxc5 Bxc5 38.Nxc4  1/2-1/2

[Event "TCh-FIN SM 2012-13"]
[Site "Helsinki FIN"]
[Date "2013.03.10"]
[Round "14.1"]
[White "Ebeling,M"]
[Black "Luukkonen,T"]
[Result "1-0"]
[WhiteElo "2273"]
[BlackElo "2323"]

1.e4 c5 2.Nf3 d6 3.Bb5+ Nd7 4.Nc3 a6 5.Be2 Ngf6 6.d4 cxd4 7.Qxd4 g6 8.O-O Bg7
9.Nd5 O-O 10.c3 Nxd5 11.Qxd5 Nc5 12.e5 Be6 13.Qd4 Nd7 14.Qb4 a5 15.Qb5 Nxe5
16.Nxe5 Bxe5 17.Qxb7 Qb8 18.Qxe7 a4 19.Bd3 Re8 20.Qh4 Bd5 21.c4 Bc6 22.Rb1 Qb7
23.Qh3 Bd7 24.Qh4 Bc6 25.Qh3 Bd4 26.Bf4 Qb4 27.Qg3 Re6 28.Rfd1 Rae8 29.Bd2 Qb6
30.b4 axb3 31.axb3 Rf6 32.Rf1 Qa7 33.Bg5 Rfe6 34.Bf4 d5 35.b4 dxc4 36.Bxc4 Rf6
37.b5 Be4 38.Rbd1 Qc5 39.Bd3 Bb7 40.Bg5 Rfe6 41.Rc1 Qb4 42.Bc4 Be5 43.Qh4 Qd6
44.Rfd1 Qb6 45.Bxe6 Qxe6 46.Be3 Be4 47.Rd8 f6 48.Rcc8  1-0

[Event "TCh-AUT 2 West 2012-13"]
[Site "Salzburg AUT"]
[Date "2013.03.10"]
[Round "11.1"]
[White "Roth,Pe"]
[Black "Wegener,O"]
[Result "0-1"]
[WhiteElo "2226"]
[BlackElo "2423"]

1.e4 c5 2.Nf3 d6 3.Bb5+ Bd7 4.Bxd7+ Qxd7 5.c4 Nf6 6.Nc3 g6 7.O-O Bg7 8.d3 O-O
9.h3 Nc6 10.Be3 Rac8 11.Qd2 Ne8 12.Nh4 f5 13.exf5 gxf5 14.Bh6 Bxh6 15.Qxh6 f4
16.Rae1 e5 17.Nd5 Rd8 18.Nf3 Qg7 19.Qxg7+ Nxg7 20.a3 Ne6 21.b4 Rd7 22.b5 Ne7
23.Nxe7+ Rxe7 24.Kh2 Kf7 25.a4 Ke8 26.a5 Kd7 27.Re2 Ref7 28.Rfe1 Rf5 29.Kh1 Rg8
30.Kh2 Rg7 31.Kh1 Rf6 32.Kh2 h6 33.Rf1 Rfg6 34.Rg1 Ng5 35.Nxg5 hxg5 36.f3 g4
37.fxg4 Rxg4 38.Rf1 Rg3 39.Rf3 Ke6 40.Ref2 d5 41.Kg1 dxc4 42.dxc4 Kf5 43.Rxg3 Rxg3
44.Rd2 Ra3 45.Rd7 Rxa5 46.Rxb7 Ra4 47.Rf7+ Ke6  0-1

[Event "Karpos Open 2013"]
[Site "Skopje MKD"]
[Date "2013.03.10"]
[Round "2.67"]
[White "Menzi,N"]
[Black "Alishani,I"]
[Result "1/2-1/2"]
[WhiteElo "1889"]
[BlackElo "2167"]

1.e4 c5 2.Nf3 d6 3.Bb5+ Nd7 4.d4 cxd4 5.Qxd4 a6 6.Bxd7+ Bxd7 7.Nc3 e6 8.Bg5 Qc7
9.O-O-O Rc8 10.Rhe1 b5 11.Rd2 Qc4 12.Kb1 b4 13.Nd5 f6 14.Qxc4 Rxc4 15.Nb6 Rc6
16.Be3 Ne7 17.Red1 Nc8 18.Nxd7 Kxd7 19.Nd4 Rc7 20.f4 g6 21.Nb3 Ke8 22.Rd4 Rb7
23.Rc4 Rb8 24.Rc6 Ra8 25.e5 fxe5 26.fxe5 Kd7 27.Rc4 d5 28.Rf4 Bh6 29.Rf7+ Ke8
30.Bxh6 Kxf7 31.Rf1+ Ke7 32.Bg5+ Ke8 33.Rf6 Rf8 34.Rxe6+ Kd7 35.Nc5+ Kc7
36.Nxa6+ Rxa6 37.Rxa6 Rf1+ 38.Bc1 Rg1 39.Ra4 Rxg2 40.Rxb4 Rxh2  1/2-1/2

[Event "Jersey Masters 2013"]
[Site "St Clement Bay JCI"]
[Date "2013.03.10"]
[Round "8"]
[White "Rozentalis,E"]
[Black "Trent,L"]
[Result "1-0"]
[WhiteElo "2616"]
[BlackElo "2427"]

1.e4 c5 2.Nf3 d6 3.Bb5+ Nd7 4.O-O a6 5.Bd3 Ngf6 6.Re1 g6 7.c3 Bg7 8.Bf1 O-O
9.d4 Qc7 10.a4 b6 11.d5 Kh8 12.c4 e5 13.dxe6 fxe6 14.Nc3 Ne5 15.Nxe5 dxe5
16.a5 bxa5 17.Qa4 Rb8 18.Qxa5 Qe7 19.Be3 Ng4 20.Bxc5 Qg5 21.h3 Nxf2 22.Bxf2 Rxb2
23.Nd1  1-0

[Event "FIDE Women's World Teams"]
[Site "Astana KAZ"]
[Date "2013.03.11"]
[Round "8.1"]
[White "Yildiz,B"]
[Black "Ju Wenjun"]
[Result "0-1"]
[WhiteElo "2341"]
[BlackElo "2505"]

1.e4 c5 2.Nf3 d6 3.Bb5+ Nd7 4.d4 cxd4 5.Qxd4 a6 6.Bxd7+ Bxd7 7.c4 Nf6 8.Nc3 g6
9.O-O Bg7 10.c5 dxc5 11.Qxc5 Rc8 12.Qa3 b5 13.Bg5 a5 14.Nd5 b4 15.Qb3 O-O
16.Rfd1 Nxd5 17.Qxd5 Bxb2 18.Rab1 Ba4 19.Qxd8 Rfxd8 20.Rd5 Rxd5 21.exd5 f6
22.Be3 Bc3 23.Bb6 Bc2 24.Rc1 Be4 25.Nd2 Bxd5 26.Nb1 a4 27.a3 Rb8 28.Nxc3 bxc3
29.Ba5 c2 30.Bb4 Be4 31.f3 Bd3 32.Kf2 Kf7 33.Ke3 Rd8 34.g4 g5 35.Re1 Bg6
36.Ke2 e5 37.Ba5 Rd7 38.Bd2 Ke6 39.Ra1 Kd5 40.Ra2 Rb7 41.Bc1 Kc4  0-1

[Event "13th European Seniors"]
[Site "Plovdiv BUL"]
[Date "2013.03.11"]
[Round "1"]
[White "Tseitlin,Ma"]
[Black "Ljangov,P"]
[Result "1-0"]
[WhiteElo "2380"]
[BlackElo "2059"]

1.e4 c5 2.Nf3 d6 3.Bb5+ Nd7 4.d4 Nf6 5.Nc3 cxd4 6.Qxd4 e5 7.Qd3 h6 8.O-O Be7
9.a4 O-O 10.h3 Nc5 11.Qe2 Qc7 12.Bc4 Be6 13.Bxe6 Nxe6 14.Be3 Qc6 15.Qd3 Nc5
16.Bxc5 Qxc5 17.Rfd1 Rac8 18.Ra3 a6 19.Rb3 Rc7 20.Nd2 Rd8 21.Nf1 Qa5 22.Ne3 Bf8
23.Ncd5 Nxd5 24.Nxd5 Rcd7 25.Qc4 Qc5 26.Qe2 Kh8 27.h4 Qc6 28.Rc3 Qxa4 29.Nb6 Qa5
30.Nxd7 Rxd7 31.Rc8 Rd8 32.Qc4 Kg8 33.Rc7 d5 34.exd5 b5 35.Qc6 Qb4 36.Rxf7 Qg4
37.f3 Qxh4 38.Rc7 Kh8 39.Rc8 Kh7 40.Rxd8 Qxd8 41.d6 Qg5 42.Qe4+ Kg8 43.b4 Qf6
44.d7 Qd8 45.Qxe5 Be7 46.Qxe7  1-0

[Event "UTD Turner GM Invitational 2013"]
[Site "Richardson USA"]
[Date "2013.03.12"]
[Round "8"]
[White "Xiong,Jeffrey"]
[Black "Langer,M USA"]
[Result "1-0"]
[WhiteElo "2330"]
[BlackElo "2211"]

1.e4 c5 2.Nf3 d6 3.Bb5+ Nd7 4.O-O Nf6 5.Re1 a6 6.Bd3 b5 7.c3 Bb7 8.Bc2 Rc8
9.d3 Qc7 10.a4 b4 11.c4 g6 12.b3 Bg7 13.Bb2 e5 14.Nbd2 O-O 15.Nf1 Nb8 16.Ne3 Nc6
17.Bc1 Rce8 18.Nd5 Nxd5 19.cxd5 Nd4 20.Nxd4 cxd4 21.a5 Rb8 22.Bd2 Bc8 23.Qb1 Rb5
24.Ra4 Bd7 25.Rc1 Rc5 26.Rxb4 Qxa5 27.Rd1 Bb5 28.Rc4 Qc7 29.Rxc5 Qxc5 30.Rc1 Qb6
31.b4 Rc8 32.Bb3 Rc7 33.Bc4 h6 34.Bxb5 Rxc1+ 35.Qxc1 Qxb5 36.Qc2 Kh7 37.Kf1 Bf6
38.Ke2 Qb7 39.Qc6 Qxc6 40.dxc6 Bd8 41.Kd1 g5 42.Kc2 Kg6 43.Kb3 f5 44.f3 fxe4
45.fxe4 Kf6 46.Kc4 Ke6 47.g4 Bc7 48.b5 axb5+ 49.Kxb5 d5 50.Ka6 dxe4 51.dxe4 Ke7
52.Kb7 Kd8 53.Bb4 d3 54.h3  1-0

[Event "Karpos Open 2013"]
[Site "Skopje MKD"]
[Date "2013.03.12"]
[Round "5.16"]
[White "Van Kampen,R"]
[Black "Videnova,I"]
[Result "1-0"]
[WhiteElo "2592"]
[BlackElo "2329"]

1.e4 c5 2.Nf3 d6 3.Bb5+ Nd7 4.d4 cxd4 5.Qxd4 a6 6.Bxd7+ Bxd7 7.Bg5 h6 8.Bh4 Rc8
9.Nc3 e5 10.Qd3 g5 11.Bg3 Nf6 12.h4 g4 13.Nd2 Be6 14.h5 Qa5 15.Nb3 Qb4 16.O-O-O Rxc3
17.bxc3 Qxe4 18.Kb2 Qxd3 19.cxd3 Bd5 20.Rh2 b5 21.d4 e4 22.Nd2 Nd7 23.Re1 f5
24.f3 Nf6 25.Bh4 Kf7 26.Bxf6 Kxf6 27.fxe4 fxe4 28.g3 Ke7 29.Nxe4 Kd8 30.Nf6 Bf3
31.Re8+ Kc7 32.Rf2 Kc6 33.Nxg4 Bxg4 34.Rexf8 Rxf8 35.Rxf8 Bxh5 36.Rf6 Be2
37.Rxh6 a5 38.Rg6 Bd3 39.Rg5 a4 40.Ka3 Bc4 41.Kb4 d5 42.Rg6+ Kd7 43.a3  1-0

[Event "Karpos Open 2013"]
[Site "Skopje MKD"]
[Date "2013.03.13"]
[Round "6.84"]
[White "Orehek,S"]
[Black "Yildiz,M"]
[Result "1/2-1/2"]
[WhiteElo "2062"]
[BlackElo "1858"]

1.e4 c5 2.Nf3 d6 3.Bb5+ Bd7 4.Bxd7+ Qxd7 5.c4 Nc6 6.Nc3 e6 7.O-O Nf6 8.d4 cxd4
9.Nxd4 Be7 10.b3 O-O 11.Nde2 Rfd8 12.Nf4 a6 13.Be3 Qc7 14.f3 Qa5 15.Rc1 Rac8
16.Na4 Nd7 17.Qe2 Nc5 18.Nc3 Bf6 19.Qd2 Qc7 20.Nh5 Be7 21.Rfd1 g6 22.Ng3 Ne5
23.Qe2 h5 24.h3 Bf6 25.f4 Nc6 26.Qf3 Qa5 27.Nge2 Bg7 28.Qg3 Ne7 29.Bf2 Qc7
30.Rd2 Qc6 31.Nd4 Qe8 32.Qf3 e5 33.Nde2 exf4 34.Rcd1 Qc6 35.Nd4 Qe8 36.Re2  1/2-1/2

[Event "83rd ch-URU 2013"]
[Site "Montevideo URU"]
[Date "2013.03.14"]
[Round "5.3"]
[White "Arcos Facio,M"]
[Black "Larrea,M"]
[Result "0-1"]
[WhiteElo "2193"]
[BlackElo "2266"]

1.e4 c5 2.Nf3 d6 3.Bb5+ Bd7 4.Bxd7+ Qxd7 5.d4 cxd4 6.Nxd4 Nf6 7.f3 g6 8.c4 Bg7
9.Nc3 O-O 10.Be3 Nc6 11.O-O Rac8 12.Nde2 e6 13.Nf4 Ne5 14.b3 a6 15.Na4 Rc6
16.Qe2 Qc7 17.Rad1 Rb8 18.Ba7 Rc8 19.Bf2 Nfd7 20.Rd2 Bh6 21.Be3 Qa5 22.Kh1 Nxc4
23.bxc4 Qxa4 24.Rfd1 Bf8 25.Qf2 Ne5 26.c5 Nc4 27.Nh5 Nxe3 28.Qxe3 Rxc5 29.Nf6+ Kh8
30.g4 Rc1 31.Rxc1 Rxc1+ 32.Kg2 Qc4 33.h4 Qc3 34.Qxc3 Rxc3 35.Rb2 Rc7 36.Ne8 Rc8
37.Nf6 Be7 38.g5 b5 39.f4 Kg7 40.e5 d5 41.Kf3 h5 42.gxh6+ Kxh6 43.h5 Bxf6
44.exf6 gxh5 45.f5 Kg5 46.fxe6 fxe6  0-1

[Event "Karpos Open 2013"]
[Site "Skopje MKD"]
[Date "2013.03.14"]
[Round "7.37"]
[White "Can,E"]
[Black "Strugnell,C"]
[Result "1-0"]
[WhiteElo "2474"]
[BlackElo "2301"]

1.e4 c5 2.Nf3 d6 3.Bb5+ Nc6 4.O-O Bd7 5.Re1 Nf6 6.c3 a6 7.Bf1 Bg4 8.h3 Bh5
9.g4 Bg6 10.d4 cxd4 11.cxd4 d5 12.exd5 Nxd5 13.Nc3 e6 14.Nxd5 Qxd5 15.Bg2 Qa5
16.Ne5 Nxe5 17.Rxe5 Qc7 18.Qa4+ Qd7 19.Qxd7+ Kxd7 20.Bxb7 Ra7 21.Bf3 Bd6
22.Re3 h5 23.Bd2 hxg4 24.hxg4 Bf4 25.Re2 Rh3 26.Kg2 Rh2+ 27.Kg1 Rh3 28.Kg2 Rh2+
29.Kf1 Bd6 30.Ke1 Bd3 31.Re3 Bc4 32.b3 Bb5 33.a4 Bc6 34.Ke2 Rb7 35.Rc1 Bxf3+
36.Rxf3 f6 37.g5 Rh4 38.gxf6 gxf6 39.Rxf6 Rxd4 40.Rf7+ Be7 41.Bg5 Kd6 42.Rd1 Rxd1
43.Kxd1 Rxb3 44.Bxe7+ Kd5 45.Bd8 Ke4 46.Kc2 Rb8 47.Bc7 Rb7 48.a5 Kd5 49.Re7 Kc6
50.Bd8 Rb8 51.Bb6 Rc8 52.Kd3 Rf8 53.Rxe6+ Kd5 54.Re7  1-0

[Event "Karpos Open 2013"]
[Site "Skopje MKD"]
[Date "2013.03.15"]
[Round "8.3"]
[White "Georgiev,Ki"]
[Black "Van Kampen,R"]
[Result "1/2-1/2"]
[WhiteElo "2657"]
[BlackElo "2592"]

1.e4 c5 2.Nf3 d6 3.Bb5+ Bd7 4.c4 Bxb5 5.cxb5 Nf6 6.Nc3 g6 7.d4 cxd4 8.Qxd4 Bg7
9.e5 Nfd7 10.Qd5 Qc8 11.Bf4 dxe5 12.Nxe5 O-O 13.O-O e6 14.Qe4 Nxe5 15.Bxe5 Bxe5
16.Qxe5 Nd7 17.Qd4 Qc7 18.Rac1 Rfd8 19.Rfd1 Qe5 20.Qd2 Kg7 21.h3 Rac8 22.a4 b6
23.Qd3 Nf6 24.Qxd8 Rxd8 25.Rxd8 Nh5 26.Rcd1 Nf4 27.h4 Qf6 28.R8d4 e5 29.Re4 Qxh4
30.Rxe5 Qg4 31.g3 Nh3+ 32.Kg2 Nf4+ 33.Kg1 Nh3+ 34.Kg2 Nf4+ 35.Kf1 Ne6 36.Re3 h5
37.Ke1 Nc5 38.Rd5 Qb4 39.Rd2 h4 40.gxh4 Qxh4 41.Rd1  1/2-1/2

[Event "Karpos Open 2013"]
[Site "Skopje MKD"]
[Date "2013.03.15"]
[Round "8.39"]
[White "Rudolf,An"]
[Black "Arsovic,G"]
[Result "0-1"]
[WhiteElo "2292"]
[BlackElo "2438"]

1.e4 c5 2.Nf3 d6 3.Bb5+ Bd7 4.Bxd7+ Qxd7 5.c4 Nf6 6.Nc3 g6 7.d4 cxd4 8.Nxd4 Bg7
9.f3 Nc6 10.Be3 O-O 11.Nde2 a6 12.O-O Ne5 13.b3 b5 14.cxb5 axb5 15.a4 bxa4
16.Rxa4 Rxa4 17.bxa4 Rb8 18.Bd4 Nc6 19.Be3 Rb2 20.Nd4 Rb4 21.Ndb5 Qb7 22.Qc2 Na5
23.Rb1 Rxb1+ 24.Qxb1 d5 25.Qd3 Nc4 26.Bd4 Nb6 27.e5 Nfd7 28.f4 Nc4 29.Bf2 e6
30.h3 Bf8 31.Kh2 Nc5 32.Qb1 Qb6 33.Qa2 Qa5 34.Bd4 Nd3 35.g3 Qb4 36.Qb1 Ndb2
37.Qc2 Bc5 38.Bxc5 Qxc5 39.Nd6 Qe3 40.Nxc4 Nxc4 41.Nd1 Qe1 42.Nf2 h5 43.Nd3 Qe3
44.a5 Nd2 45.h4 Qe2+ 46.Kh1 Qf1+  0-1

[Event "Bundesliga 2012-13"]
[Site "Baden Baden GER"]
[Date "2013.03.16"]
[Round "11"]
[White "Dubkov,A"]
[Black "Gustafsson,J"]
[Result "0-1"]
[WhiteElo "2327"]
[BlackElo "2622"]

1.e4 c5 2.Nf3 d6 3.Bb5+ Bd7 4.Bxd7+ Qxd7 5.c4 Nf6 6.Nc3 g6 7.d4 cxd4 8.Nxd4 Bg7
9.f3 Qc7 10.b3 Qa5 11.Bb2 Nc6 12.Ne2 O-O 13.O-O Rfd8 14.Qd2 e6 15.Rfd1 a6
16.Na4 Qxd2 17.Rxd2 b5 18.cxb5 axb5 19.Nac3 Rab8 20.Rad1 Ne8 21.g3 Rdc8 22.Kg2 Kf8
23.f4 f5 24.exf5 gxf5 25.Re1 Kf7 26.Nd1 Bxb2 27.Nxb2 Ra8 28.Nc3 Nb4 29.Nbd1 Rc5
30.Re3 d5 31.a4 bxa4 32.Nxa4 Rc6 33.h3 Nf6 34.Nf2 Rac8 35.g4 Ne4 36.Nxe4 fxe4
37.Kg3 Kf6 38.Ree2 Rb8 39.Kh4 Nd3 40.Rc2 Rxc2 41.Rxc2 Rxb3 42.Nc5 Nxc5 43.Rxc5 Rf3
44.f5 Ke5 45.fxe6 Kxe6 46.Rc6+ Kd7 47.Ra6 e3 48.Ra7+ Kd6 49.Rxh7  0-1

[Event "Bundesliga 2012-13"]
[Site "Solingen GER"]
[Date "2013.03.16"]
[Round "11"]
[White "Stellwagen,D"]
[Black "Areshchenko,A"]
[Result "1/2-1/2"]
[WhiteElo "2622"]
[BlackElo "2710"]

1.e4 c5 2.Nf3 d6 3.Bb5+ Bd7 4.Bxd7+ Qxd7 5.O-O Nf6 6.Qe2 Nc6 7.c3 e6 8.d4 cxd4
9.cxd4 d5 10.e5 Ne4 11.Be3 Be7 12.Ne1 f6 13.f3 Ng5 14.Nd3 O-O 15.Nd2 Rac8
16.Rac1 b6 17.Bf2 Nf7 18.f4 f5 19.Nf3 Rc7 20.h3 Rfc8 21.g4 Nh6 22.g5 Nf7
23.Be3 Nb4 24.Rxc7  1/2-1/2